LEADER 01052cam0-22003611i-450- 001 990007067980403321 005 20100714111450.0 010 $a88-348-1234-4 035 $a000706798 035 $aFED01000706798 035 $a(Aleph)000706798FED01 035 $a000706798 100 $a20020402d2001----km-y0itay50------ba 101 0 $aita 102 $aIT 105 $ay-------001yy 200 1 $aProdotti turistici evoluti$ecasi ed esperienze in Italia$fa cura di Maurizio Rispoli 210 $aTorino$cGiappichelli$d2001 215 $aXV, 330 p.$d24 cm 225 1 $a<>produzione e l'organizzazione dei viaggi e del turismo$v7 610 0 $aTurismo$aItalia 676 $a338.4791$v21$zita 676 $a046.002 702 1$aRispoli,$bMaurizio$f<1937- > 801 0$aIT$bUNINA$gRICA$2UNIMARC 901 $aBK 912 $a990007067980403321 952 $aCollez. 1856 (7)$b38061$fFSPBC 952 $a046.002.RIS$b3346$fDECGE 959 $aFSPBC 959 $aDECGE 996 $aProdotti turistici evoluti$968189 997 $aUNINA LEADER 00989cam0-2200325---450- 001 990008475610403321 005 20111109165451.0 010 $a88-7042-870-2 035 $a000847561 035 $aFED01000847561 035 $a(Aleph)000847561FED01 035 $a000847561 100 $a20070228d1985----km-y0itay50------ba 101 1 $aita$ceng 102 $aIT 105 $a--------001ay 200 1 $aAlcuin o il paradiso delle donne$e1798-1815$fCharles Brockden Brown$gintroduzione di Rosella Mamoli Zorzi$gtraduzione, nota biografica e note di Paola Menegazzi 210 $aNapoli$cGuida$d1985 215 $a97 p.$d23 cm 225 1 $aUtopisti$v12 676 $a813.2 700 1$aBrown,$bCharles Brockden$0196359 801 0$aIT$bUNINA$gRICA$2UNIMARC 901 $aBK 912 $a990008475610403321 952 $aSDI-KH 409$b3858$fSDI 952 $a813.2 BROWN 1$bDip.fil.1600$fFLFBC 959 $aSDI 996 $aAlcuin o il paradiso delle donne$9730047 997 $aUNINA